Central Library OPAC University of Rajshahi

Buddha and the Gospel of Buddhism / (Record no. 23262)

MARC details
000 -LEADER
fixed length control field 01023nam a2200265 a 4500
001 - CONTROL NUMBER
control field 23262
003 - CONTROL NUMBER IDENTIFIER
rucl marc code BD-RjUL
005 - DATE AND TIME OF LATEST TRANSACTION
control field 20211209000918.0
008 - FIXED-LENGTH DATA ELEMENTS--GENERAL INFORMATION
fixed length control field 180930s19281916enkeoa b 001 0deng d
035 ## - SYSTEM CONTROL NUMBER
System control number (BD-RjUL)23327
040 ## - CATALOGING SOURCE
Original cataloging agency BD-RjUL
Language of cataloging eng
Transcribing agency BD-RjUL
041 ## - LANGUAGE CODE
Language code of text/sound track or separate title eng
082 ## - DEWEY DECIMAL CLASSIFICATION NUMBER
Edition number 23
Classification number 294.363
Author mark and year COB 1928
100 1# - MAIN ENTRY--PERSONAL NAME
Personal name Coomaraswamy, Ananda K.
Fuller form of name (Ananda Kentish),
Dates associated with a name 1877-1947.
9 (RLIN) 223057
245 10 - TITLE STATEMENT
Title Buddha and the Gospel of Buddhism /
Statement of responsibility, etc. by Ananda K. Coomaraswamy ; with illustrations in colour by Abanindro Nāth Tagore and Nanda Lāl Bose.
260 ## - PUBLICATION, DISTRIBUTION, ETC. (IMPRINT)
Place of publication, distribution, etc. London :
Name of publisher, distributor, etc. George Harrap & Co.,
Date of publication, distribution, etc. c.1916 [Reprinted 1928]
300 ## - PHYSICAL DESCRIPTION
Pagination viii, 369 p., [40] leaves of plates :
Illustrations ill. (some col.) ;
Size 23 cm.
500 ## - GENERAL NOTE
General note Preface dated 1916, p. viii.
504 ## - BIBLIOGRAPHY, ETC. NOTE
Bibliography, etc Includes bibliography (p. 347-349) and index.
650 #0 - SUBJECT ADDED ENTRY--TOPICAL TERM
Topical term or geographic name as entry element Buddhism.
9 (RLIN) 223058
Topical term or geographic name as entry element Buddha and Buddhism
9 (RLIN) 223059
700 ## - ADDED ENTRY--PERSONAL NAME
Personal name Tagore, Abanindro Nāth, illustrator
Personal name Bose, Nanda Lāl , Jt. illustrator
942 ## - ADDED ENTRY ELEMENTS (KOHA)
Source of classification or shelving scheme Dewey Decimal Classification
Koha item type Rare Books
Holdings
Lost status Source of classification or shelving scheme Damaged status Not for loan Collection code Permanent Location Current Location Shelving location Date acquired Total Checkouts Full call number Date last seen Copy number Koha item type
  Dewey Decimal Classification   Not For Loan Rare Books Central Library, University of Rajshahi Central Library, University of Rajshahi Rare Book Section 30/09/2018   RA 294.363 COB 1928 30/09/2018 C-1 Rare Books